000 00675nam a22001937a 4500
999 _c61479
_d61479
005 20240319113926.0
008 240319s1970 ru ||||| |||| 00| 0 rus d
041 _arus
080 _a94(=342.1) Б-91
100 _aБуриан, Я.
_921460
245 _aЗагадочные этруски /
_cЯ. Буриан, Б. Моухова.
264 _aМосква :
_bНаука,
_c1970.
300 _a226 с.:
_bил.;
_c20 см.
653 _aიდუმალი ეტრუსკელები
653 _aისტორია
653 _aარქეოლოგია
700 _aМоухова, Б.
_eავტორი
_921461
942 _2udc
_cᲬᲘᲒᲜᲘ